MARC details
| 000 -CABECERA |
| campo de control de longitud fija |
00943cam a2200241 a 4500 |
| 001 - NÚMERO DE CONTROL |
| campo de control |
000002549 |
| 005 - FECHA Y HORA DE LA ÚLTIMA TRANSACCIÓN |
| campo de control |
20200929150218.0 |
| 008 - DATOS DE LONGITUD FIJA--INFORMACIÓN GENERAL |
| campo de control de longitud fija |
710817s1967 wau 001 0 spa |
| 040 ## - FUENTE DE LA CATALOGACIÓN |
| Centro catalogador/agencia de origen |
DO-SdBNP |
| Centro/agencia transcriptor |
DNLM |
| Centro/agencia modificador |
TxArU |
| -- |
DLC |
| 082 ## - NÚMERO DE LA CLASIFICACIÓN DECIMAL DEWEY |
| Número de clasificación |
570 |
| Número de documento/Ítem |
F941 |
| 100 1# - ENTRADA PRINCIPAL--NOMBRE DE PERSONA |
| Nombre de persona |
Frota-Pessoa, Oswaldo |
| 9 (RLIN) |
8014 |
| 245 10 - MENCIÓN DE TÍTULO |
| Título |
Principios básicos para la enseñanza de la biología / |
| Mención de responsabilidad, etc. |
Oswaldo Frota-Pessoa; prólogo de José Luis Reissig; introducción de Jesse D. Perkinson. |
| 260 ## - PUBLICACIÓN, DISTRIBUCIÓN, ETC. |
| Lugar de publicación, distribución, etc. |
Washington : |
| Nombre del editor, distribuidor, etc. |
Departamento de Asuntos Científicos, Unión Panamericana, |
| Fecha de publicación, distribución, etc. |
1967. |
| 300 ## - DESCRIPCIÓN FÍSICA |
| Extensión |
ix, 128 p. : |
| Otras características físicas |
il. |
| 490 1# - MENCIÓN DE SERIE |
| Mención de serie |
Serie de biología |
| 490 1# - MENCIÓN DE SERIE |
| Mención de serie |
Monografía |
| Designación de volumen o secuencia |
no. 4 |
| 650 #4 - PUNTO DE ACCESO ADICIONAL DE MATERIA--TÉRMINO DE MATERIA |
| Término de materia o nombre geográfico como elemento de entrada |
Biología |
| Subdivisión general |
Enseñanza |
| 9 (RLIN) |
244 |
| 700 1# - PUNTO DE ACCESO ADICIONAL--NOMBRE DE PERSONA |
| Nombre de persona |
Reissig, José Luis |
| Término indicativo de función/relación |
prol. |
| 9 (RLIN) |
8015 |
| 700 1# - PUNTO DE ACCESO ADICIONAL--NOMBRE DE PERSONA |
| Nombre de persona |
Perkinson, Jesse D., |
| Término indicativo de función/relación |
intr. |
| 9 (RLIN) |
8016 |
| 710 2# - PUNTO DE ACCESO ADICIONAL--NOMBRE DE ENTIDAD CORPORATIVA |
| Nombre de entidad corporativa o nombre de jurisdicción como elemento de entrada |
Organización de Estados Americanos |
| 9 (RLIN) |
8017 |
| 830 #0 - PUNTO DE ACCESO ADICIONAL DE SERIE-TÍTULO UNIFORME |
| Título uniforme |
Serie de biología, |
| Nombre de parte o sección de la obra |
Monografía; |
| Designación de volumen o secuencia |
no. 4 |
| 9 (RLIN) |
8018 |
| 910 ## - DATOS DE OPCIÓN DEL USUARIO (OCLC) |
| Datos de opción del usuario |
Catalogación por copia / LC |